000 00508nam a2200169 a 4500
001 6993
003 CO-ViMGA
008 141112s2004 ck r 000 u spa d
040 _aCO-ViMGA
_bspa
_cCO-ViMGA
082 0 4 _a684.1 C762
100 1 _aCrochemore, Jean
_96031
245 1 0 _aCómo construir sus propios muebles :
_b37 modelos con carácter sus materiales sus ensamblajes
260 _aMexico :
_bGustavo Gili,
_c1996
300 _a168 p : il
650 1 4 _aMUEBLES - CONSTRUCCION
_96032
942 _2ddc
_cBK
999 _c18960
_d18960